| Tag |
First Indicator |
Second Indicator |
Subfields |
| LEADER |
00000cem a2200000Ia 4500 |
| 001 |
in00002488621 |
| 005 |
20151111041955.0 |
| 007 |
aj canzn |
| 008 |
800729s1979 vauab bd a f 0 eng d |
| 034 |
1 |
|
|a a
|b 5000000
|d W0000000
|e W3150000
|f N0300000
|g N0000000
|
| 035 |
|
|
|a (OCoLC)ocm06565792
|
| 035 |
|
|
|a (OCoLC)6565792
|
| 040 |
|
|
|a GAT
|c GAT
|d NMT
|d OCL
|d COP
|d OCLCQ
|d OCLCG
|d STF
|d TXA
|d UtOrBLW
|
| 043 |
|
|
|a zma----
|
| 049 |
|
|
|a TXAM
|
| 050 |
1 |
4 |
|a G3701.C5 svar
|b .U52 I-996
|
| 052 |
|
|
|a 3182
|b M3
|
| 074 |
|
|
|a 0619-G-08
|
| 086 |
0 |
|
|a I 19.91:I-996
|
| 100 |
1 |
|
|a King, John S.
|q (John Stuart),
|d 1927-
|
| 245 |
1 |
0 |
|a Geologic map of the Arabia quadrangle of Mars /
|c by John S. King ; Department of the Interior, United States Geological Survey.
|
| 246 |
3 |
0 |
|a Arabia quadrangle of Mars
|
| 255 |
|
|
|a Scale 1:5,000,000 at 0⁰ latitude ;
|b Mercator proj.
|c (W 0⁰--W 315⁰/N 30⁰--N 0⁰).
|
| 264 |
|
1 |
|a Reston, Va. :
|b The Survey,
|c 1977.
|
| 300 |
|
|
|a 1 map :
|b color ;
|c 37 x 53 cm., on sheet 86 x 96 cm., folded in envelope 30 x 24 cm.
|
| 336 |
|
|
|a cartographic image
|b cri
|2 rdacontent
|
| 337 |
|
|
|a unmediated
|b n
|2 rdamedia
|
| 338 |
|
|
|a sheet
|b nb
|2 rdacarrier
|
| 490 |
1 |
|
|a Miscellaneous investigations series ;
|v map I-996
|
| 490 |
1 |
|
|a Atlas of Mars. 1:5,000,000 geologic series ;
|v MC-12
|
| 500 |
|
|
|a Photo map.
|
| 500 |
|
|
|a "Contour interval 1 kilometre."
|
| 500 |
|
|
|a "Prepared for the National Aeronautics and Space Administration."
|
| 500 |
|
|
|a Includes quadrangle location maps, text, and "Index to Mariner 9 pictures."
|
| 504 |
|
|
|a Includes bibliographical references.
|
| 500 |
|
|
|a Cartographic material.
|
| 651 |
|
0 |
|a Mars (Planet)
|x Geology
|v Remote-sensing maps.
|
| 710 |
2 |
|
|a Geological Survey (U.S.)
|
| 710 |
1 |
|
|a United States.
|b National Aeronautics and Space Administration.
|
| 830 |
|
0 |
|a Miscellaneous investigations series (Geological Survey (U.S.)) ;
|v map I-996.
|
| 810 |
2 |
|
|a Geological Survey (U.S.).
|t Atlas of Mars.
|p 1:5,000,000 geologic series ;
|v MC-12.
|
| 994 |
|
|
|a C0
|b TXA
|
| 948 |
|
|
|a cataloged
|b h
|c 2009/07/10
|e mansari
|f 08:46:35 am
|
| 999 |
|
|
|a MARS
|
| 999 |
f |
f |
|s 0df9a64e-c443-3220-adcc-f654c8255c89
|i 36b99a56-4f12-3b54-a95d-4e4824cdcd4d
|t 0
|
| 952 |
f |
f |
|p normal
|a Texas A&M University
|b College Station
|c Sterling C. Evans Library
|d Evans: Maps File (2nd floor)
|t 0
|e I 19.91:I-996
|h Superintendent of Documents classification
|i unmediated -- sheet
|m A14836108299
|
| 998 |
f |
f |
|a I 19.91:I-996
|t 0
|l Evans: Maps File (2nd floor)
|